000 00787nam a2200205Ii 4500
003 JO-AjNU
008 230605s9999||||xx |||||||||||||| ||und||
040 _aJO-AjNU
_bara
_erda
_cJO-AjNU
041 _aara
050 1 4 _aHD58.7.A9234 2018
100 3 _aعواد، فتحي أحمد ذياب,
_eauthor
_958017
245 0 0 _aالسلوك الإنساني في منظمات الأعمال الحديثة
250 _aط1
264 3 1 _aعمان: دار صفاء للطباعة والنشر والتوزيع، 2018
300 _a280ص
336 _atext
_btxt
_2rdacontent
337 _aunmediated
_bn
_2rdamedia
338 _avolume
_bnc
_2rdacarrier
650 4 _a السلوك الإداري - التنظيم الإداري - إدارة الأعمال - إدارة افراد
_958018
999 _aA26032
_c29600
_d29600